Diccionario de autoridades / (Record no. 20463)
[ view plain ]
| 000 -LEADER | |
|---|---|
| campo de control de longitud fija | 01286nam a2200277 i 4500 |
| 001 - NÚMERO DE CONTROL | |
| campo de control | 20463 |
| 003 - IDENTIFICADOR DE NÚMERO DE CONTROL | |
| campo de control | ES-MaACL |
| 005 - FECHA Y HORA DE LA ÚLTIMA TRANSACCIÓN | |
| campo de control | 20230929062523.0 |
| 007 - CAMPO FIJO DE DESCRIPCIÓN FÍSICA--INFORMACIÓN GENERAL | |
| campo de control de longitud fija | t| |
| 008 - DATOS DE LONGITUD FIJA--INFORMACIÓN GENERAL | |
| campo de control de longitud fija | 021113m19631969sp d |||| | spa d |
| 245 00 - MENCIÓN DEL TÍTULO | |
| Título | Diccionario de autoridades / |
| Mención de responsabilidad, etc. | Real Academia Española. |
| 246 35 - FORMA VARIANTE DEL TITULO | |
| Título propio/Titulo breve | Diccionario de la lengua castellana, en que se explica el verdadero sentido de las voces, su naturaleza y calidad... los proverbios o refranes... |
| 250 ## - MENCION DE EDICION | |
| Mención de edición | Ed. facsímil. |
| 260 ## - PUBLICACIÓN, DISTRIBUCIÓN, ETC. | |
| Lugar de publicación, distribución, etc. | Madrid : |
| Nombre del editor, distribuidor, etc. | Gredos, |
| Fecha de publicación, distribución, etc. | [1963-69] |
| 300 ## - DESCRIPCIÓN FÍSICA | |
| Extensión | 6 t. en 3 v. ; |
| Dimensiones | 25 cm. |
| 505 8# - NOTA DE CONTENIDO CON FORMATO | |
| Nota de contenido con formato | Contiene: I ; |
| Título | A - C (2 t. en 1 v.) - II ; |
| -- | D - Ñ (2 t. en 1 v.) - III ; |
| -- | O - Z (2 t. en 1 v.) |
| 534 ## - NOTA SOBRE LA VERSIÓN ORIGINAL | |
| Frase introductoria | I. Reprod. facs. de la ed. de: |
| Publicación, distribución, etc. del original | Madrid : Imp. de Francisco del Hierro, Imp. de la RAE, 1726. |
| 534 ## - NOTA SOBRE LA VERSIÓN ORIGINAL | |
| Frase introductoria | II. Reprod. facs. de la ed. de: |
| Publicación, distribución, etc. del original | Madrid : Imp. de la Real Academia Española : por la Viuda de Francisco del Hierro, 1732. |
| 534 ## - NOTA SOBRE LA VERSIÓN ORIGINAL | |
| Frase introductoria | III. Reprod. facs. de la ed. de : Madrid : Imp. de la Real Academia Española : por los Herederos de Francisco del Hierro, 1737. |
| 650 14 - PUNTO DE ACCESO ADICIONAL DE MATERIA--TÉRMINO DE MATERIA | |
| Término de materia o nombre geográfico como elemento de entrada | Lengua española- |
| Subdivisión de forma | Diccionarios. |
| 9 (RLIN) | 14137 |
| 655 #7 - TERMINO DE INDIZACIÓN--GENERO/FORMA | |
| Fuente del término | tgfbne |
| 9 (RLIN) | 226495 |
| Datos o término principal de género/forma | Facsímiles |
| 710 2# - ENTRADA AGREGADA--NOMBRE DE ENTIDAD CORPORATIVA | |
| Nombre de entidad corporativa o nombre de jurisdicción como elemento de entrada | Real Academia Española |
| 9 (RLIN) | 6336 |
| 852 ## - LOCALIZACIÓN | |
| Ubicación | ES-MaACL |
| Número de control de estantería | B-4754-56 |
| 942 ## - ELEMENTOS DE ENTRADA SECUNDARIOS (KOHA) | |
| Fuente del sistema de clasificación o colocación | Clasificación decimal universal |
| Estatus retirado | Estado de pérdida | Estado de daño | No para préstamo | Colección | Biblioteca de origen | Biblioteca actual | Ubicación en estantería | Fecha de adquisición | Fuente de adquisición | Total de préstamos | Signatura topográfica completa | Código de barras | Visto por última vez | Precio de reemplazo | Tipo de ítem Koha |
|---|---|---|---|---|---|---|---|---|---|---|---|---|---|---|---|
| Colección de referencia | Biblioteca del Ateneo de Madrid | Biblioteca del Ateneo de Madrid | Sala Pardo Bazán | 17/01/2008 | B-4754-56 | 1020992 | 23/02/2023 | 23/02/2023 | Libro impreso |
